Decision making with insight includes insight.xla 2.0

Guardado en:
Detalles Bibliográficos
Autor principal: Savage, Sam L.
Formato: Libro
Lenguaje:inglés
Publicado: Belmont Brooks/Cole 2003
Materias:
Etiquetas: Agregar Etiqueta
Sin Etiquetas, Sea el primero en etiquetar este registro!

MARC

LEADER 00000nam a2200000 4500
001 0143774
005 20240226124247.0
020 |a 978-0-534-38639-9 
020 |a 0-534-38639-3 
041 0 |a eng 
044 |a US 
245 1 0 |a Decision making with insight  |b includes insight.xla 2.0  |c Sam L. Savage 
264 1 |a Belmont  |b Brooks/Cole  |c 2003 
300 |a 360 s.  |e 1 CD-ROM 
610 2 0 |a rozhodovanie 
610 2 0 |a technológia 
610 2 0 |a modely 
610 2 0 |a simulácia 
610 2 0 |a metóda Monte Carlo 
610 2 0 |a prognózy 
610 2 0 |a optimalizácia 
100 1 |a Savage, Sam L.